[Event "I SCS Open GM Chess Tournament"]
[Site "Bhubaneswar IND"]
[Date "2009.06.10"]
[Round "5"]
[White "Serikbay, Temirbayev"]
[Black "Manoj Kumar, Panigrahi"]
[Result "1-0"]
[WhiteElo "2458"]
[BlackElo "2242"]
[PlyCount "43"]
[EventDate "2009.06.07"]
[EventType "swiss"]
[EventRounds "10"]
[EventCountry "IND"]
[Source "lmi"]
[SourceDate "2009.06.07"]

1. d4 Nf6 2. c4 g6 3. Nc3 Bg7 4. e4 d6 5. f3 O-O 6. Bg5 Nc6 7. Nge2 a6 8. Qd2
Rb8 9. d5 Ne5 10. Nd4 c5 11. Nc2 b5 12. cxb5 axb5 13. Bxb5 Qa5 14. a4 Ba6 15.
Qe2 c4 16. O-O Rfc8 17. Be3 Ra8 18. Ra3 e6 19. dxe6 fxe6 20. Nd4 Kf7 21. f4
Neg4 22. e5 1-0

[Event "I SCS Open GM Chess Tournament"]
[Site "Bhubaneswar IND"]
[Date "2009.06.11"]
[Round "6"]
[White "Igor, Kurnosov"]
[Black "Deep, Sengupta"]
[Result "1/2-1/2"]
[WhiteElo "2658"]
[BlackElo "2466"]
[PlyCount "59"]
[EventDate "2009.06.07"]
[EventType "swiss"]
[EventRounds "10"]
[EventCountry "IND"]
[Source "lmi"]
[SourceDate "2009.06.07"]

1. e4 c6 2. d4 d5 3. e5 Bf5 4. Nd2 e6 5. Nb3 Nd7 6. Nf3 h6 7. Be2 Ne7 8. Bd2
Bh7 9. O-O Ng6 10. a4 Be7 11. a5 O-O 12. c4 f6 13. a6 b6 14. cxd5 cxd5 15. Bc3
Nf4 16. Bb5 fxe5 17. dxe5 Bc5 18. g3 Nh3+ 19. Kg2 Rxf3 20. Qxf3 Be4 21. Qxe4
dxe4 22. Kxh3 Qc7 23. Rae1 Rf8 24. Kg2 Be7 25. Rxe4 Nc5 26. Nxc5 Qxc5 27. Be2
Qc6 28. Bf3 b5 29. Rd1 Bc5 30. Rf4 1/2-1/2

[Event "I SCS Open GM Chess Tournament"]
[Site "Bhubaneswar IND"]
[Date "2009.06.11"]
[Round "6"]
[White "Evgeny E, Vorobiov"]
[Black "Babu M R, Lalith"]
[Result "1/2-1/2"]
[WhiteElo "2596"]
[BlackElo "2480"]
[PlyCount "67"]
[EventDate "2009.06.07"]
[EventType "swiss"]
[EventRounds "10"]
[EventCountry "IND"]
[Source "lmi"]
[SourceDate "2009.06.07"]

1. d4 Nf6 2. c4 e6 3. Nf3 b6 4. g3 Ba6 5. Qa4 Bb7 6. Bg2 c5 7. dxc5 Bxc5 8. O-O
O-O 9. Nc3 Qc8 10. Bf4 Bc6 11. Qc2 Qb7 12. a3 a5 13. Nb5 Bxb5 14. cxb5 d5 15.
Ne5 Bd6 16. Rac1 Nbd7 17. Nc6 Bxf4 18. gxf4 Nc5 19. a4 Rfc8 20. b3 h6 21. f5
Qc7 22. fxe6 Nxe6 23. Qf5 Nc5 24. Rc3 Re8 25. Bxd5 Nxd5 26. Qxd5 Ne4 27. Re3
Nf6 28. Rxe8+ Rxe8 29. Qf3 Qd6 30. e3 Ne4 31. Rd1 Nd2 32. Qf4 Qxf4 33. exf4
Nxb3 34. Ne5 1/2-1/2

[Event "I SCS Open GM Chess Tournament"]
[Site "Bhubaneswar IND"]
[Date "2009.06.11"]
[Round "6"]
[White "Georgy, Timoshenko"]
[Black "K, Rathnakaran"]
[Result "0-1"]
[WhiteElo "2550"]
[BlackElo "2427"]
[PlyCount "70"]
[EventDate "2009.06.07"]
[EventType "swiss"]
[EventRounds "10"]
[EventCountry "IND"]
[Source "lmi"]
[SourceDate "2009.06.07"]

1. e4 e6 2. d4 d5 3. Nc3 Nf6 4. e5 Nfd7 5. f4 c5 6. Nf3 Nc6 7. Be3 a6 8. Qd2
cxd4 9. Nxd4 Bc5 10. O-O-O O-O 11. Kb1 Nxd4 12. Bxd4 b5 13. Qe3 Qb6 14. a3 Rb8
15. Bxc5 Nxc5 16. Rd4 a5 17. Bxb5 Bd7 18. a4 Nxa4 19. Nxa4 Qxb5 20. b3 Rfc8 21.
Rhd1 Qa6 22. Kb2 Bxa4 23. Rxa4 Qc6 24. Ka1 Qxc2 25. Rb1 Rb4 26. Ra2 Qc7 27. g3
d4 28. Qd3 Qb6 29. Rc2 Rb8 30. Rc4 a4 31. Rxb4 Qxb4 32. Ka2 Ra8 33. Kb2 axb3
34. Qxb3 Qd2+ 35. Qc2 Ra2+ 0-1

[Event "I SCS Open GM Chess Tournament"]
[Site "Bhubaneswar IND"]
[Date "2009.06.11"]
[Round "6"]
[White "Enamul, Hossain"]
[Black "S P, Sethuraman"]
[Result "1/2-1/2"]
[WhiteElo "2531"]
[BlackElo "2451"]
[PlyCount "94"]
[EventDate "2009.06.07"]
[EventType "swiss"]
[EventRounds "10"]
[EventCountry "IND"]
[Source "lmi"]
[SourceDate "2009.06.07"]

1. e4 e5 2. Bc4 Nf6 3. d3 Nc6 4. Nc3 Na5 5. Nge2 Be7 6. a4 Nxc4 7. dxc4 d6 8.
Qd3 c6 9. Bg5 h6 10. Bh4 Be6 11. b3 Qc7 12. Bxf6 Bxf6 13. Rd1 Rd8 14. O-O O-O
15. Ng3 g6 16. Kh1 Bg5 17. Nge2 a6 18. Qg3 b5 19. f4 exf4 20. Nxf4 Bxf4 21.
Qxf4 bxc4 22. Qxh6 Qa5 23. Ne2 Bg4 24. Rde1 Bxe2 25. Rxe2 cxb3 26. cxb3 Qe5 27.
Re3 Rde8 28. Ref3 Qg7 29. Qc1 Rxe4 30. Qxc6 Qe5 31. Qxa6 Rb4 32. h3 Qe6 33. Rf6
Qxb3 34. Qxd6 Rbb8 35. a5 Rbd8 36. Qf4 Ra8 37. a6 Qa2 38. Qd6 Rad8 39. Qc6 Rc8
40. Qb7 Rc3 41. Qe4 Rc7 42. Qf4 Rfc8 43. Rf2 Qb3 44. Kh2 Ra7 45. Rd6 Qb8 46.
Rfd2 Rc6 47. Qg3 Rxd6 1/2-1/2

[Event "I SCS Open GM Chess Tournament"]
[Site "Bhubaneswar IND"]
[Date "2009.06.11"]
[Round "6"]
[White "Swayangsu, Satyapragyan"]
[Black "Yuriy, Kuzubov"]
[Result "0-1"]
[WhiteElo "2428"]
[BlackElo "2632"]
[PlyCount "92"]
[EventDate "2009.06.07"]
[EventType "swiss"]
[EventRounds "10"]
[EventCountry "IND"]
[Source "lmi"]
[SourceDate "2009.06.07"]

1. e4 c6 2. d4 d5 3. exd5 cxd5 4. Bd3 Nc6 5. c3 Nf6 6. h3 g6 7. Nf3 Bg7 8. O-O
O-O 9. Re1 Bf5 10. Bxf5 gxf5 11. Bf4 Ne4 12. Nbd2 e6 13. Nf1 Ne7 14. Ng3 Ng6
15. Nh5 Nxf4 16. Nxf4 Bh6 17. Nd3 Kh8 18. Nfe5 Qg5 19. Nc5 Qg7 20. Qh5 Nf6 21.
Qh4 f4 22. f3 Bg5 23. Qf2 b6 24. Ncd7 Nxd7 25. Nxd7 Rg8 26. Ne5 f6 27. Nd3 Bh4
28. Qd2 Bxe1 29. Rxe1 Rae8 30. Nxf4 Qg5 31. Re2 e5 32. Nxd5 exd4 33. Qxg5 fxg5
34. Rd2 dxc3 35. Nxc3 Rd8 36. Re2 Rge8 37. Ne4 h6 38. Kf2 Kg7 39. Kg3 b5 40. h4
gxh4+ 41. Kxh4 a5 42. a3 b4 43. axb4 axb4 44. Kg3 Rc8 45. Kf2 b3 46. Ke3 Rcd8
0-1

[Event "I SCS Open GM Chess Tournament"]
[Site "Bhubaneswar IND"]
[Date "2009.06.11"]
[Round "6"]
[White "Abhijeet, Gupta"]
[Black "Arghyadip, Das"]
[Result "1-0"]
[WhiteElo "2570"]
[BlackElo "2424"]
[PlyCount "79"]
[EventDate "2009.06.07"]
[EventType "swiss"]
[EventRounds "10"]
[EventCountry "IND"]
[Source "lmi"]
[SourceDate "2009.06.07"]

1. d4 d6 2. c4 e5 3. Nf3 Nd7 4. Nc3 c6 5. e4 Be7 6. Be2 Ngf6 7. O-O O-O 8. Re1
Re8 9. Bf1 Bf8 10. d5 a5 11. h3 Nc5 12. Qc2 Bd7 13. Be3 Qb8 14. Nd2 g6 15. a3
cxd5 16. cxd5 Rc8 17. a4 Qc7 18. Qb1 Qd8 19. Nc4 Be8 20. Ra3 Nfd7 21. b4 axb4
22. Qxb4 f5 23. f3 f4 24. Bf2 Be7 25. Nb5 Ra6 26. a5 Bf7 27. Rc1 Qf8 28. Rac3
b6 29. axb6 Ra4 30. Qb1 Rb8 31. Ncxd6 Bxd6 32. Nxd6 Qxd6 33. Rxc5 Nxc5 34. Bxc5
Qd8 35. Qb2 Qf6 36. Bf2 Be8 37. Bb5 Rxb6 38. Rc8 Ra5 39. Rxe8+ Kf7 40. Qb4 1-0

[Event "I SCS Open GM Chess Tournament"]
[Site "Bhubaneswar IND"]
[Date "2009.06.11"]
[Round "6"]
[White "Niaz, Murshed"]
[Black "Yaroslav, Zinchenko"]
[Result "1/2-1/2"]
[WhiteElo "2407"]
[BlackElo "2531"]
[PlyCount "43"]
[EventDate "2009.06.07"]
[EventType "swiss"]
[EventRounds "10"]
[EventCountry "IND"]
[Source "lmi"]
[SourceDate "2009.06.07"]

1. d4 d5 2. Nf3 c6 3. c4 e6 4. Qc2 dxc4 5. Qxc4 Nf6 6. Qc2 b5 7. e4 Bb7 8. Nc3
Nbd7 9. e5 Nd5 10. Nxd5 cxd5 11. Bd3 Qb6 12. O-O Rc8 13. Qe2 b4 14. Rd1 h6 15.
a3 a5 16. Be3 Be7 17. axb4 axb4 18. Ne1 O-O 19. Bxh6 gxh6 20. Qg4+ Kh8 21. Qh5
Kg7 22. Qg4+ 1/2-1/2

[Event "I SCS Open GM Chess Tournament"]
[Site "Bhubaneswar IND"]
[Date "2009.06.11"]
[Round "6"]
[White "P D S, Girinath"]
[Black "Rustam, Khusnutdinov"]
[Result "1/2-1/2"]
[WhiteElo "2404"]
[BlackElo "2507"]
[PlyCount "38"]
[EventDate "2009.06.07"]
[EventType "swiss"]
[EventRounds "10"]
[EventCountry "IND"]
[Source "lmi"]
[SourceDate "2009.06.07"]

1. e4 Nf6 2. d3 d5 3. e5 Nfd7 4. Qe2 c5 5. Nf3 e6 6. g3 Nc6 7. Bg2 Be7 8. h4 h6
9. c4 b5 10. O-O bxc4 11. dxc4 Ba6 12. Na3 O-O 13. Rd1 Qc7 14. Bf4 dxc4 15. Qe4
Nb6 16. Bxh6 gxh6 17. Qg4+ Kh8 18. Qf4 Kg7 19. Qg4+ Kh8 1/2-1/2

[Event "I SCS Open GM Chess Tournament"]
[Site "Bhubaneswar IND"]
[Date "2009.06.11"]
[Round "6"]
[White "B, Adhiban"]
[Black "N Sudhakar, Babu"]
[Result "1/2-1/2"]
[WhiteElo "2483"]
[BlackElo "2341"]
[PlyCount "31"]
[EventDate "2009.06.07"]
[EventType "swiss"]
[EventRounds "10"]
[EventCountry "IND"]
[Source "lmi"]
[SourceDate "2009.06.07"]

1. d4 d5 2. c4 e6 3. Nc3 Be7 4. Nf3 Nf6 5. Bg5 h6 6. Bxf6 Bxf6 7. cxd5 exd5 8.
e3 O-O 9. Qc2 Be6 10. Be2 c5 11. dxc5 Nd7 12. O-O Nxc5 13. Nd4 Rc8 14. Bf3 Bxd4
15. exd4 Nd7 16. Qb3 1/2-1/2

[Event "I SCS Open GM Chess Tournament"]
[Site "Bhubaneswar IND"]
[Date "2009.06.11"]
[Round "6"]
[White "Srinath, Narayanan"]
[Black "Chowdhury, Roy"]
[Result "1/2-1/2"]
[WhiteElo "2381"]
[BlackElo "2469"]
[PlyCount "149"]
[EventDate "2009.06.07"]
[EventType "swiss"]
[EventRounds "10"]
[EventCountry "IND"]
[Source "lmi"]
[SourceDate "2009.06.07"]

1. e4 b6 2. d4 Bb7 3. Nc3 e6 4. Bd3 d6 5. Be3 Nd7 6. Nf3 Ngf6 7. h3 Be7 8. Qd2
a6 9. a4 c5 10. Qe2 O-O 11. Nd2 cxd4 12. Bxd4 Qc7 13. O-O Nc5 14. Rac1 Rfe8 15.
f4 Nfd7 16. b4 Nxd3 17. cxd3 Qd8 18. Qf2 Rb8 19. Nc4 Ba8 20. Qg3 f6 21. Rc2 d5
22. exd5 Bxb4 23. Ne3 Kh8 24. dxe6 Rxe6 25. Nf5 Bf8 26. Kh2 g6 27. Nh4 Rd6 28.
Qf2 Nc5 29. Bxc5 bxc5 30. Ne4 Bxe4 31. dxe4 Rd4 32. f5 g5 33. Nf3 Rxe4 34. Rd2
Qc7+ 35. Kh1 Rbe8 36. Rfd1 Qf4 37. Qf1 c4 38. Rd4 Qxf5 39. Qxc4 R4e6 40. Qc3
Re3 41. Qc6 R3e6 42. Qc3 Re3 43. Qc6 Qe6 44. Qb7 Rb3 45. Qc7 Rxf3 46. gxf3
Qxh3+ 47. Qh2 Qxf3+ 48. Qg2 Qh5+ 49. Qh2 Qxh2+ 50. Kxh2 Kg7 51. Rd8 Rxd8 52.
Rxd8 a5 53. Kh3 h5 54. Kg3 Bb4 55. Kf3 Kg6 56. Rb8 h4 57. Rb6 Bc3 58. Kg4 Be1
59. Re6 Bd2 60. Rc6 Bb4 61. Ra6 h3 62. Kxh3 Kf5 63. Rc6 g4+ 64. Kg3 Be1+ 65.
Kg2 Kg5 66. Rc8 f5 67. Rg8+ Kf4 68. Rf8 Bb4 69. Ra8 Bc3 70. Re8 Bb4 71. Rb8 Bd6
72. Rb5 Bb4 73. Rb8 Ke4 74. Re8+ Kf4 75. Rb8 1/2-1/2

[Event "I SCS Open GM Chess Tournament"]
[Site "Bhubaneswar IND"]
[Date "2009.06.11"]
[Round "6"]
[White "B S, Shivananda"]
[Black "Serikbay, Temirbayev"]
[Result "0-1"]
[WhiteElo "2378"]
[BlackElo "2458"]
[PlyCount "75"]
[EventDate "2009.06.07"]
[EventType "swiss"]
[EventRounds "10"]
[EventCountry "IND"]
[Source "lmi"]
[SourceDate "2009.06.07"]

1. e4 e6 2. b3 b6 3. Bb2 Bb7 4. Qe2 c5 5. f4 Nf6 6. d3 Nc6 7. Nf3 Be7 8. g3 d5
9. e5 Nd7 10. Bg2 h6 11. Nc3 a6 12. a4 Qc7 13. h4 O-O-O 14. h5 Kb8 15. O-O-O
Rc8 16. Kb1 Rhe8 17. g4 Ka8 18. Rhe1 Ndb8 19. f5 Nb4 20. Qd2 N8c6 21. f6 gxf6
22. exf6 Bf8 23. Ne2 d4 24. c3 dxc3 25. Qxc3 Red8 26. Nc1 Bd6 27. Nd2 Nd5 28.
Qc2 Re8 29. Bf3 Ne5 30. Bxd5 exd5 31. d4 Nxg4 32. Nf3 c4 33. bxc4 dxc4 34. d5
c3 35. Ba1 Nxf6 36. Na2 Nxd5 37. Nd4 Bf4 38. Nf5 0-1

[Event "I SCS Open GM Chess Tournament"]
[Site "Bhubaneswar IND"]
[Date "2009.06.11"]
[Round "6"]
[White "Jha, Sriram"]
[Black "Atanu, Lahiri"]
[Result "1/2-1/2"]
[WhiteElo "2453"]
[BlackElo "2332"]
[PlyCount "32"]
[EventDate "2009.06.07"]
[EventType "swiss"]
[EventRounds "10"]
[EventCountry "IND"]
[Source "lmi"]
[SourceDate "2009.06.07"]

1. d4 Nf6 2. c4 g6 3. Nc3 Bg7 4. e4 d6 5. f3 O-O 6. Be3 Nc6 7. Nge2 a6 8. Qd2
Rb8 9. Rc1 e6 10. g3 Nd7 11. Bg2 Ne7 12. O-O b5 13. cxb5 axb5 14. f4 Ba6 15.
Nd1 b4 16. Nf2 b3 1/2-1/2

[Event "I SCS Open GM Chess Tournament"]
[Site "Bhubaneswar IND"]
[Date "2009.06.11"]
[Round "6"]
[White "Kutwal, Shashikant"]
[Black "Tejas, Bakre"]
[Result "1/2-1/2"]
[WhiteElo "2352"]
[BlackElo "2452"]
[PlyCount "99"]
[EventDate "2009.06.07"]
[EventType "swiss"]
[EventRounds "10"]
[EventCountry "IND"]
[Source "lmi"]
[SourceDate "2009.06.07"]

1. e4 c5 2. Nf3 d6 3. d4 cxd4 4. Nxd4 Nf6 5. Nc3 Nc6 6. Bc4 e6 7. Be3 a6 8. Qe2
Na5 9. Bd3 b5 10. b4 Nc4 11. O-O e5 12. Nc6 Qc7 13. Bxc4 Qxc6 14. Bd5 Nxd5 15.
Nxd5 Be6 16. a4 Rb8 17. axb5 axb5 18. Ra6 Qc8 19. Rfa1 Be7 20. Nxe7 Kxe7 21.
Ra7+ Kf8 22. Qd2 h6 23. Qxd6+ Kg8 24. Rc7 Qd8 25. Qxe5 Kh7 26. Bd4 Qg5 27. f4
Qxe5 28. Bxe5 Ra8 29. Ra5 Bc4 30. Bd4 Rhe8 31. Rxa8 Rxa8 32. f5 Rd8 33. c3 g6
34. g4 gxf5 35. gxf5 Re8 36. e5 Rg8+ 37. Kf2 Rg5 38. f6 Rh5 39. Kg3 Rg5+ 40.
Kf4 Rh5 41. Rxc4 bxc4 42. b5 Rh4+ 43. Kf3 Kg6 44. Bg1 Kf5 45. Bd4 Rxh2 46. b6
Rb2 47. Kg3 h5 48. Kh4 Kf4 49. Kh3 Kf5 50. Kh4 1/2-1/2

[Event "I SCS Open GM Chess Tournament"]
[Site "Bhubaneswar IND"]
[Date "2009.06.11"]
[Round "6"]
[White "M R, Venkatesh"]
[Black "Upadhyaya, Anwesh"]
[Result "1/2-1/2"]
[WhiteElo "2432"]
[BlackElo "2321"]
[PlyCount "112"]
[EventDate "2009.06.07"]
[EventType "swiss"]
[EventRounds "10"]
[EventCountry "IND"]
[Source "lmi"]
[SourceDate "2009.06.07"]

1. e4 e5 2. Nf3 Nc6 3. Bb5 a6 4. Ba4 Nf6 5. Qe2 b5 6. Bb3 Bc5 7. d3 O-O 8. Bg5
h6 9. Bh4 Be7 10. Nbd2 d6 11. c3 Na5 12. Bc2 c5 13. Nf1 Nc6 14. Ne3 Be6 15. Bb3
Ne8 16. Bg3 Nc7 17. O-O g6 18. Bxe6 Nxe6 19. Nd5 f5 20. exf5 gxf5 21. Nd2 f4
22. Qg4+ Ng7 23. Nxe7+ Qxe7 24. Bh4 Qe6 25. Qxe6+ Nxe6 26. Ne4 d5 27. Nf6+ Rxf6
28. Bxf6 Kf7 29. Bh4 a5 30. f3 a4 31. a3 Ke8 32. Rfe1 Kd7 33. Re2 Kd6 34. Rae1
Rf8 35. g4 Rf7 36. Kg2 d4 37. Bf2 Kd5 38. h4 Rf6 39. cxd4 Nexd4 40. Bxd4 Kxd4
41. Rc1 Na5 42. Kh3 Rg6 43. Re4+ Kd5 44. Re2 Kd6 45. Kg2 Rg7 46. Kf2 Rg6 47.
Re4 Nc6 48. Rce1 Kd5 49. R1e2 Kd6 50. Re1 Kd5 51. Kg2 Kd6 52. R4e2 Kd5 53. Kf1
Kd6 54. Kf2 Kd5 55. Rc1 Nd4 56. Re4 Nc6 1/2-1/2

[Event "I SCS Open GM Chess Tournament"]
[Site "Bhubaneswar IND"]
[Date "2009.06.11"]
[Round "6"]
[White "Rajendra Kumar, Sahu"]
[Black "Anuar, Ismagambetov"]
[Result "0-1"]
[WhiteElo "2097"]
[BlackElo "2525"]
[PlyCount "58"]
[EventDate "2009.06.07"]
[EventType "swiss"]
[EventRounds "10"]
[EventCountry "IND"]
[Source "lmi"]
[SourceDate "2009.06.07"]

1. Nf3 c5 2. c4 Nc6 3. Nc3 g6 4. g3 Bg7 5. Bg2 e5 6. d3 Nge7 7. O-O d6 8. Rb1
O-O 9. a3 a5 10. Bg5 f6 11. Bd2 Be6 12. h4 Rb8 13. Qc1 b6 14. e4 Qd7 15. Kh2
Bg4 16. Ng1 Rf7 17. f3 Be6 18. Nge2 f5 19. f4 Nd4 20. Nxd4 cxd4 21. Nd5 fxe4
22. Nxe7+ Qxe7 23. Bxe4 Rbf8 24. Bg2 Bh6 25. Qe1 exf4 26. Bxf4 Bxf4 27. Rxf4
Rxf4 28. gxf4 Rxf4 29. Bh3 Rxh4 0-1

[Event "I SCS Open GM Chess Tournament"]
[Site "Bhubaneswar IND"]
[Date "2009.06.11"]
[Round "6"]
[White "R R, Laxman"]
[Black "Karthik R, Arun"]
[Result "1-0"]
[WhiteElo "2521"]
[BlackElo "2296"]
[PlyCount "85"]
[EventDate "2009.06.07"]
[EventType "swiss"]
[EventRounds "10"]
[EventCountry "IND"]
[Source "lmi"]
[SourceDate "2009.06.07"]

1. Nf3 Nf6 2. c4 e6 3. g3 b6 4. Bg2 Bb7 5. d4 c5 6. Nc3 cxd4 7. Qxd4 d6 8. O-O
a6 9. b3 Nbd7 10. Rd1 Be7 11. Bb2 Qc7 12. Rac1 O-O 13. e4 Rac8 14. h3 Nc5 15.
Nd2 Rfd8 16. Qe3 Qb8 17. Kh1 h6 18. a3 Re8 19. b4 Ncd7 20. Ne2 Qa8 21. f4 e5
22. Nc3 exf4 23. gxf4 Bd8 24. Qg3 Nf8 25. Nd5 Bxd5 26. cxd5 Ng6 27. Bf3 Nh7 28.
Nc4 Qb8 29. f5 Ne5 30. Nxe5 dxe5 31. Bxe5 Rxe5 32. Rxc8 Qxc8 33. Qxe5 Ng5 34.
Qe8+ Kh7 35. Bh5 g6 36. fxg6+ Kg7 37. Bg4 Qc2 38. gxf7 Nxf7 39. Rg1 Bg5 40. Bh5
Nd6 41. Qg6+ Kh8 42. Qxd6 Qxe4+ 43. Rg2 1-0

[Event "I SCS Open GM Chess Tournament"]
[Site "Bhubaneswar IND"]
[Date "2009.06.11"]
[Round "6"]
[White "Das, Neelotpal"]
[Black "G B, Joshi"]
[Result "1-0"]
[WhiteElo "2514"]
[BlackElo "2282"]
[PlyCount "73"]
[EventDate "2009.06.07"]
[EventType "swiss"]
[EventRounds "10"]
[EventCountry "IND"]
[Source "lmi"]
[SourceDate "2009.06.07"]

1. e4 e5 2. Nf3 Nc6 3. Bb5 a6 4. Ba4 Nf6 5. O-O Be7 6. Re1 b5 7. Bb3 O-O 8. d4
d6 9. c3 Bg4 10. d5 Na5 11. Bc2 Qc8 12. Nbd2 c6 13. h3 Bd7 14. b4 Nb7 15. dxc6
Qxc6 16. Bb2 Nd8 17. Bb3 Qb7 18. c4 Be6 19. c5 Re8 20. Rc1 Rc8 21. cxd6 Bxd6
22. a3 Rc7 23. Nh4 Bf8 24. Qf3 Rd7 25. Qe3 Qa7 26. Qe2 g6 27. Nhf3 Bd6 28. Bc2
a5 29. Nb3 axb4 30. axb4 Nh5 31. Nc5 Bxc5 32. bxc5 f6 33. Bb3 Nc6 34. Red1 Nf4
35. Qe3 Kh8 36. Nxe5 fxe5 37. Bxe5+ 1-0

[Event "I SCS Open GM Chess Tournament"]
[Site "Bhubaneswar IND"]
[Date "2009.06.11"]
[Round "6"]
[White "Shah, Sagar"]
[Black "Chakkravarthy J, Deepan"]
[Result "1/2-1/2"]
[WhiteElo "2271"]
[BlackElo "2482"]
[PlyCount "87"]
[EventDate "2009.06.07"]
[EventType "swiss"]
[EventRounds "10"]
[EventCountry "IND"]
[Source "lmi"]
[SourceDate "2009.06.07"]

1. d4 g6 2. c4 Bg7 3. Nf3 d6 4. Nc3 Nd7 5. Bg5 h6 6. Bh4 Ngf6 7. e3 O-O 8. Be2
c6 9. O-O a6 10. Qc2 b5 11. b4 bxc4 12. Bxc4 a5 13. a3 Ba6 14. Bxa6 Rxa6 15. b5
cxb5 16. Nxb5 Qb8 17. Rab1 Rc8 18. Qd3 a4 19. Nc3 Qa8 20. Na2 Rac6 21. Rb2 Nb6
22. h3 Nfd5 23. Rfb1 Nc4 24. Rb5 e6 25. Bg3 Na5 26. Nb4 Rc3 27. Qe4 Nxb4 28.
Qxa8 Rxa8 29. R5xb4 Rxa3 30. Bxd6 Rb3 31. Nd2 Rxb4 32. Bxb4 Nc6 33. Ba3 Bf8 34.
Ra1 Nb4 35. Nc4 Nc2 36. Ra2 Nxa3 37. Nxa3 Rb8 38. Kf1 Rb3 39. Nc4 a3 40. Ke2
Rc3 41. Nd2 Bb4 42. Nb1 Rb3 43. Nd2 Rc3 44. Nb1 1/2-1/2

[Event "I SCS Open GM Chess Tournament"]
[Site "Bhubaneswar IND"]
[Date "2009.06.11"]
[Round "7"]
[White "K, Rathnakaran"]
[Black "Igor, Kurnosov"]
[Result "0-1"]
[WhiteElo "2427"]
[BlackElo "2658"]
[PlyCount "67"]
[EventDate "2009.06.07"]
[EventType "swiss"]
[EventRounds "10"]
[EventCountry "IND"]
[Source "lmi"]
[SourceDate "2009.06.07"]

1. e4 c5 2. Nf3 e6 3. d3 d5 4. Nbd2 Nf6 5. g3 g6 6. Bg2 Bg7 7. O-O O-O 8. Re1
Nc6 9. c3 a5 10. e5 Ng4 11. d4 cxd4 12. cxd4 f6 13. h3 Nxf2 14. Kxf2 fxe5 15.
Kg1 exd4 16. Nf1 e5 17. Bg5 Qd6 18. Qd2 Bxh3 19. Bxh3 Rxf3 20. Bg2 Rff8 21. Bh6
e4 22. Bxg7 Kxg7 23. a3 a4 24. Rac1 Rf6 25. Qc2 d3 26. Qc5 Qe5 27. Qb5 Raf8 28.
Rcd1 Nd4 29. Qxd3 Rxf1+ 30. Bxf1 Nf3+ 31. Kg2 Qh5 32. Qc3+ Kg8 33. Kf2 Nxe1+
34. Kxe1 0-1

[Event "I SCS Open GM Chess Tournament"]
[Site "Bhubaneswar IND"]
[Date "2009.06.11"]
[Round "7"]
[White "Sergei, Tiviakov"]
[Black "Enamul, Hossain"]
[Result "1/2-1/2"]
[WhiteElo "2697"]
[BlackElo "2531"]
[PlyCount "126"]
[EventDate "2009.06.07"]
[EventType "swiss"]
[EventRounds "10"]
[EventCountry "IND"]
[Source "lmi"]
[SourceDate "2009.06.07"]

1. e4 c5 2. Nf3 e6 3. c3 Nf6 4. e5 Nd5 5. g3 d6 6. exd6 Bxd6 7. d4 O-O 8. Bg2
Nc6 9. dxc5 Bxc5 10. O-O b6 11. Qe2 Bb7 12. Nbd2 Qc7 13. Ne4 Be7 14. c4 Nf6 15.
Nc3 Rad8 16. b3 Rd7 17. Bb2 Rfd8 18. Rad1 h6 19. Rxd7 Rxd7 20. Rd1 a6 21. Rxd7
Nxd7 22. Nd5 exd5 23. cxd5 Nc5 24. dxc6 Bxc6 25. Nd4 Bxg2 26. Kxg2 Qd7 27. Nf3
Qb7 28. Ba3 Bf8 29. Bxc5 Bxc5 30. Qd3 a5 31. Kg1 Qe7 32. Kf1 Qf6 33. Qe2 g6 34.
Ne1 Qc6 35. Kg1 a4 36. bxa4 Qxa4 37. Ng2 Qd4 38. Nf4 Bd6 39. Nd3 h5 40. Ne1 h4
41. Nf3 Qa1+ 42. Kg2 hxg3 43. hxg3 Qf6 44. Nh2 Qd4 45. Qf3 Kg7 46. Ng4 Bc5 47.
Qe2 Bd6 48. Kh3 f5 49. Nh2 g5 50. Qe6 Qf6 51. Qd7+ Kg6 52. Kg2 g4 53. Nf1 Bc5
54. Qe8+ Kg7 55. Qd7+ Kg6 56. Qd5 Qf7 57. Qc6+ Qf6 58. Qa8 Qe6 59. Nd2 Qe2 60.
Qg8+ Kf6 61. Qd8+ Kg6 62. Qg8+ Kf6 63. Qd8+ Kg6 1/2-1/2

[Event "I SCS Open GM Chess Tournament"]
[Site "Bhubaneswar IND"]
[Date "2009.06.11"]
[Round "7"]
[White "Yuriy, Kuzubov"]
[Black "Andrey, Rychagov"]
[Result "1-0"]
[WhiteElo "2632"]
[BlackElo "2530"]
[PlyCount "99"]
[EventDate "2009.06.07"]
[EventType "swiss"]
[EventRounds "10"]
[EventCountry "IND"]
[Source "lmi"]
[SourceDate "2009.06.07"]

1. e4 e6 2. d3 d5 3. Nd2 c5 4. Ngf3 Nc6 5. g3 g6 6. Bg2 Bg7 7. O-O Nge7 8. Re1
O-O 9. c3 e5 10. exd5 Nxd5 11. Qb3 Nde7 12. Nc4 Qc7 13. Qa3 Bf5 14. Qxc5 b6 15.
Qe3 Nd5 16. Qe2 Rad8 17. Rd1 Rfe8 18. Ne3 Nxe3 19. Bxe3 Qd7 20. Ne1 Bg4 21.
Bxc6 Bxe2 22. Bxd7 Rxd7 23. Rd2 Bg4 24. f3 Be6 25. Kf2 f5 26. f4 Bd5 27. Nf3
exf4 28. Bxf4 h6 29. h4 b5 30. a4 a6 31. axb5 axb5 32. Ra6 b4 33. c4 Bxf3 34.
Kxf3 Red8 35. Ke2 Kf7 36. Rb6 Bf8 37. Rb5 Ke6 38. b3 Kf7 39. Be5 Re8 40. d4 Bg7
41. Kd1 Bxe5 42. dxe5 Rxd2+ 43. Kxd2 g5 44. h5 Ke6 45. Ke3 Rf8 46. Rxb4 f4+ 47.
gxf4 Rxf4 48. Rb6+ Kxe5 49. Rxh6 Rh4 50. Kf2 1-0

[Event "I SCS Open GM Chess Tournament"]
[Site "Bhubaneswar IND"]
[Date "2009.06.11"]
[Round "7"]
[White "Deep, Sengupta"]
[Black "Evgeny E, Vorobiov"]
[Result "1/2-1/2"]
[WhiteElo "2466"]
[BlackElo "2596"]
[PlyCount "46"]
[EventDate "2009.06.07"]
[EventType "swiss"]
[EventRounds "10"]
[EventCountry "IND"]
[Source "lmi"]
[SourceDate "2009.06.07"]

1. e4 c5 2. Nc3 e6 3. g3 d5 4. exd5 exd5 5. d4 cxd4 6. Qxd4 Nf6 7. Bg2 Nc6 8.
Qd1 d4 9. Nce2 Bb4+ 10. c3 dxc3 11. Qxd8+ Kxd8 12. bxc3 Bc5 13. Bg5 Kc7 14.
Bxf6 gxf6 15. Nf4 Re8+ 16. Kf1 Be6 17. Nd5+ Bxd5 18. Bxd5 Rad8 19. Bxf7 Re7 20.
Bh5 Re5 21. Bg4 f5 22. Bf3 Rd3 23. Kg2 Rxc3 1/2-1/2

[Event "I SCS Open GM Chess Tournament"]
[Site "Bhubaneswar IND"]
[Date "2009.06.11"]
[Round "7"]
[White "Babu M R, Lalith"]
[Black "Abhijeet, Gupta"]
[Result "0-1"]
[WhiteElo "2480"]
[BlackElo "2570"]
[PlyCount "146"]
[EventDate "2009.06.07"]
[EventType "swiss"]
[EventRounds "10"]
[EventCountry "IND"]
[Source "lmi"]
[SourceDate "2009.06.07"]

1. Nf3 Nf6 2. c4 g6 3. Nc3 d5 4. Qa4+ Bd7 5. Qb3 dxc4 6. Qxc4 a6 7. d4 b5 8.
Qb3 Bg7 9. e4 c5 10. dxc5 O-O 11. Be2 Be6 12. Qc2 Nbd7 13. Be3 Rc8 14. Ng5 Nxc5
15. Bxc5 Rxc5 16. Nxe6 fxe6 17. Qb3 Re5 18. O-O Nxe4 19. Nxe4 Rxe4 20. Bf3 Rc4
21. Be2 Rc6 22. a4 Qd5 23. Qxd5 exd5 24. axb5 axb5 25. Rad1 e6 26. Bxb5 Rb6 27.
Be2 Rxb2 28. Bg4 Rb6 29. Rfe1 Kf7 30. g3 h5 31. Bh3 g5 32. Bf1 Rb2 33. Rb1 Ke7
34. Rxb2 Bxb2 35. Be2 Bd4 36. Rf1 g4 37. Kg2 Rb8 38. Bd3 Kf6 39. Rb1 Ra8 40.
Re1 e5 41. Re2 Ra3 42. Bb5 Bc3 43. Rc2 e4 44. Re2 Ke5 45. Be8 Ra6 46. Rc2 d4
47. Bxh5 Kf5 48. Be8 Ra3 49. Bd7+ Ke5 50. Bxg4 d3 51. Rc1 Kd4 52. Rf1 Ra2 53.
Kg1 Ke5 54. h4 Kf6 55. Rc1 Bd4 56. Rf1 Rd2 57. Bd1 Kf5 58. Bh5 Ke5 59. Bg4 Bc5
60. Bh5 Kd5 61. Bg4 Rb2 62. Bh5 Kd4 63. Bg6 Rb6 64. Bh5 Rf6 65. Kg2 Bb6 66. Re1
Kd5 67. Rf1 Kc4 68. g4 Rf4 69. Kg3 Rf8 70. Bg6 d2 71. Bxe4 Rxf2 72. Rd1 Re2 73.
Bf3 Bc7+ 0-1